|
|
|
|
| LEADER |
00000nab a2200000 a 4500 |
| 001 |
vtls000288042 |
| 003 |
SK-MaSNL |
| 005 |
20260304014815.0 |
| 008 |
241210c1987 xo 0 slo |
| 015 |
|
|
|a SNBRB19rr/mm-uuuuu
|
| 035 |
|
|
|a CL0298160
|
| 040 |
|
|
|a SNKBUCL
|b slo
|c SNKBUCL
|e AACR2
|
| 041 |
0 |
|
|a slo
|
| 044 |
|
|
|a xo
|c SK
|
| 080 |
|
|
|a 82.09:885.4-1(048)
|2 1981
|
| 080 |
|
|
|a 885.4-1(048)
|2 1981
|
| 100 |
1 |
|
|a Redererová, Veronika,
|d 1949-
|4 aut
|9 245420
|
| 245 |
1 |
0 |
|a Vítanie knižky
|c Veronika Redererová
|
| 500 |
|
|
|a Dotyky - príloha pre mladú literatúru.
|
| 650 |
0 |
7 |
|a slovenská poézia
|2 snkbucl
|9 215422
|
| 655 |
|
7 |
|a recenzie
|2 snkbucl
|9 21907
|
| 655 |
|
7 |
|a články z novín a časopisov
|2 snkbucl
|9 267496
|
| 655 |
|
7 |
|a články z odboru literárna veda a krásna literatúra
|2 snkbucl
|9 770045
|
| 773 |
0 |
|
|t Romboid
|g Roč. 22, č. 8 (1987), s. 98-99
|
| 787 |
0 |
8 |
|i Rec.:
|a Tatár, Jozef
|t Vítanie hosťa
|d Martin : Osveta, 1986
|
| 850 |
|
|
|a Slovenská národná knižnica
|
| 852 |
|
|
|a Slovenská národná knižnica
|
| 958 |
|
|
|a BX
|
| 958 |
|
|
|a RK
|
| 958 |
|
|
|a LX
|
| 992 |
|
|
|a RBX
|
| 999 |
|
|
|c 2587859
|d 2589789
|